[Event "Championnat de France Pupillette"]
[Site "CALVI"]
[Date "????.??.??"]
[Round "6.9"]
[White "Seelen, Amandine"]
[Black "Armas, Lena"]
[Result "0-1"]
[WhiteElo "1450"]
[BlackElo "1500"]
[PlyCount "112"]
[EventDate "2005.??.??"]
[SourceDate "2005.04.17"]

1. e4 e5 2. Nf3 Nc6 3. Bc4 Bc5 4. b4 Bxb4 5. c3 Bc5 6. Qb3 Qf6 7. d3 h6 8. Ba3
Bxa3 9. Nxa3 a6 10. O-O d6 11. Rad1 Nge7 12. d4 exd4 13. cxd4 O-O 14. Rd3 Na5
15. Qc3 Nxc4 16. Nxc4 Rb8 17. e5 dxe5 18. dxe5 Qc6 19. Rfd1 Be6 20. Nd4 Qxc4
21. Nxe6 Qxe6 22. Qxc7 Rfc8 23. Qa5 Nc6 24. Qe1 Qxa2 25. Rd6 Re8 26. f4 Qc2 27.
Qg3 Kf8 28. Qg4 Re7 29. R1d3 Qc5+ 30. Kf1 Qc4 31. Qf5 Kg8 32. h4 Rd8 33. Kg1
Rxd6 34. exd6 Re6 35. d7 Nd8 36. Qh3 Qxf4 37. Qf3 Qxf3 38. gxf3 Kf8 39. Kg2 Ke7
40. Kg3 Rd6 41. Re3+ Kxd7 42. Kg4 a5 43. Re4 Ra6 44. Rd4+ Ke7 45. Re4+ Ne6 46.
f4 Kf8 47. Rc4 Kg8 48. Rc8+ Kh7 49. Rc3 a4 50. Ra3 b5 51. Kf3 b4 52. Ra1 a3 53.
Ke2 b3 54. Kd1 b2 55. Rb1 a2 56. Rxb2 a1=Q+ 0-1

[Event "Championnat de France Pupillette"]
[Site "CALVI"]
[Date "????.??.??"]
[Round "6.10"]
[White "Auffret, Gaelle"]
[Black "Benac, Anais"]
[Result "0-1"]
[WhiteElo "1490"]
[BlackElo "1430"]
[PlyCount "100"]
[EventDate "2005.??.??"]
[SourceDate "2005.04.17"]

1. e4 e5 2. f4 Bc5 3. Nf3 Nc6 4. Bc4 Nf6 5. d3 d6 6. Nc3 Bg4 7. h3 Bxf3 8. gxf3
Nh5 9. fxe5 Qh4+ 10. Kd2 Qf2+ 11. Qe2 Qxe2+ 12. Nxe2 Nxe5 13. Bd5 c6 14. Bb3
Nxf3+ 15. Kd1 O-O 16. Rf1 Nd4 17. Nxd4 Bxd4 18. c3 Bb6 19. Kc2 Rae8 20. Rf3 Nf6
21. Bf4 d5 22. exd5 Re2+ 23. Bd2 Rfe8 24. dxc6 bxc6 25. d4 h6 26. Kd3 Nd5 27.
c4 Nf6 28. c5 Bc7 29. Bxh6 Nd5 30. Rg1 g6 31. Rgg3 Bxg3 32. Rxg3 Rxb2 33. Bxd5
cxd5 34. Bf4 Rxa2 35. Bc1 Re1 36. Bd2 Rd1 37. Rg2 Kf8 38. Re2 Rdxd2+ 39. Rxd2
Rxd2+ 40. Kxd2 Ke7 41. Kc3 Kd7 42. Kb4 Kc6 43. Ka5 f5 44. Ka6 f4 45. Kxa7 f3
46. h4 f2 47. h5 gxh5 48. Ka8 f1=Q 49. Ka7 Qb1 50. Ka8 Qb7# 0-1

[Event "Championnat de France Pupille"]
[Site "CALVI"]
[Date "????.??.??"]
[Round "7.1"]
[White "Mouhamad, Joachin"]
[Black "Dionisi, Thomas"]
[Result "0-1"]
[WhiteElo "1750"]
[BlackElo "1990"]
[PlyCount "92"]
[EventDate "2005.??.??"]
[SourceDate "2005.04.17"]

1. e4 e6 2. d4 d5 3. exd5 exd5 4. c4 Nf6 5. Nc3 Bb4 6. Nf3 O-O 7. Bd3 Re8+ 8.
Be3 Ng4 9. O-O Bxc3 10. bxc3 Rxe3 11. fxe3 Nxe3 12. Qe2 Nxf1 13. Rxf1 Be6 14.
cxd5 Bxd5 15. Ne5 Nd7 16. Qh5 Nf6 17. Rxf6 gxf6 18. Qxh7+ Kf8 19. Qh8+ Ke7 20.
Qh4 Qg8 21. Ng4 Qg5 22. Qe1+ Kf8 23. Qg3 c6 24. Qh3 Ke7 25. a4 Qc1+ 26. Bf1 Bc4
27. Qe3+ Qxe3+ 28. Nxe3 Bb3 29. a5 b6 30. a6 Rb8 31. h4 Ba2 32. Bd3 b5 33. h5
Kf8 34. h6 Kg8 35. Ng4 Rb6 36. Nxf6+ Kh8 37. g4 Rxa6 38. g5 Ra3 39. g6 fxg6 40.
Bxg6 Rxc3 41. Ne4 Rh3 42. h7 Bd5 43. Bf5 Rh6 44. Nf2 Rh5 45. Bd3 a5 46. Ng4 Rg5
0-1

[Event "Championnat de France Pupille"]
[Site "CALVI"]
[Date "????.??.??"]
[Round "7.2"]
[White "Saatdjian, Stephane"]
[Black "Ider, Borya"]
[Result "1/2-1/2"]
[WhiteElo "1931"]
[BlackElo "1939"]
[PlyCount "48"]
[EventDate "2005.??.??"]
[SourceDate "2005.04.17"]

1. e4 c6 2. d4 d5 3. e5 c5 4. dxc5 Nc6 5. Bf4 e6 6. Nd2 Bxc5 7. Qg4 g6 8. Nb3
Qb6 9. Nh3 Bd4 10. Nxd4 Qxd4 11. c3 Qe4+ 12. Qe2 Qxe2+ 13. Bxe2 h6 14. Ng1 Nge7
15. h4 b6 16. Nf3 a5 17. Be3 Ba6 18. Bxa6 Rxa6 19. g4 a4 20. h5 g5 21. Ke2 Kd7
22. b4 axb3 23. axb3 Rha8 24. Rxa6 Rxa6 1/2-1/2

[Event "Championnat de France Pupille"]
[Site "CALVI"]
[Date "????.??.??"]
[Round "7.3"]
[White "Yu, William"]
[Black "Manoeuvre, Antoine"]
[Result "1/2-1/2"]
[WhiteElo "1860"]
[BlackElo "1970"]
[PlyCount "72"]
[EventDate "2005.??.??"]
[SourceDate "2005.04.17"]

1. g3 Nf6 2. Bg2 g6 3. e4 d6 4. d3 Bg7 5. f4 e5 6. Nf3 Nc6 7. O-O O-O 8. h3 Nh5
9. Qe1 exf4 10. gxf4 Re8 11. Qf2 f5 12. exf5 Bxf5 13. Nc3 Qd7 14. Kh2 Rf8 15.
Be3 Rae8 16. Rae1 Bh6 17. Nh4 Kh8 18. Qd2 Qd8 19. Nxf5 Rxf5 20. Be4 Rf7 21. f5
Bxe3 22. Rxe3 gxf5 23. Rxf5 Rxf5 24. Bxf5 Rf8 25. Bg4 Qg5 26. Re2 Nf4 27. Rf2
Qe5 28. Kh1 Nd4 29. Ne4 Nc6 30. Ng3 Ng6 31. Rxf8+ Nxf8 32. Qf2 Ng6 33. c3 Qd5+
34. Ne4 Qe5 35. Qf6+ Qxf6 36. Nxf6 Nce5 1/2-1/2

[Event "Championnat de France Pupille"]
[Site "CALVI"]
[Date "????.??.??"]
[Round "7.4"]
[White "Sochacki, Christophe"]
[Black "Bensaid, Alexandre"]
[Result "1-0"]
[WhiteElo "1960"]
[BlackElo "1780"]
[PlyCount "61"]
[EventDate "2005.??.??"]
[SourceDate "2005.04.17"]

1. e4 e5 2. Nf3 Nc6 3. d4 exd4 4. Bc4 Be7 5. c3 Nf6 6. e5 Ne4 7. Bd5 Nc5 8.
cxd4 Ne6 9. Nc3 O-O 10. Be4 Ng5 11. Nxg5 Bxg5 12. Qh5 h6 13. f4 Be7 14. Be3 d6
15. O-O-O a5 16. g4 f5 17. gxf5 Qe8 18. Qg4 h5 19. Qh3 g6 20. Rhg1 Bxf5 21.
Bxf5 Rxf5 22. Qxf5 Kh7 23. Qe4 b5 24. f5 b4 25. Nd5 Bd8 26. Rxg6 dxe5 27. Rh6+
Kg8 28. Rg1+ Kf8 29. Rh8+ Kf7 30. Rh7+ Kf8 31. Bh6# 1-0

[Event "Championnat de France Pupille"]
[Site "CALVI"]
[Date "????.??.??"]
[Round "7.5"]
[White "Fevre, Mathieu"]
[Black "Capponi, Axel"]
[Result "1-0"]
[WhiteElo "1951"]
[BlackElo "1770"]
[PlyCount "51"]
[EventDate "2005.??.??"]
[SourceDate "2005.04.17"]

1. e4 c5 2. Nf3 Nc6 3. d4 cxd4 4. Nxd4 g6 5. Nc3 Bg7 6. Be3 Nf6 7. Bc4 O-O 8.
Bb3 d6 9. f3 Nd7 10. Qd2 Nb6 11. h4 Na5 12. h5 Nbc4 13. Qf2 Nxb3 14. axb3 Nxe3
15. Qxe3 Qb6 16. Rd1 e5 17. Nd5 Qa5+ 18. b4 Qd8 19. Nb5 a6 20. Nbc3 b5 21. h6
Bh8 22. Qb6 Be6 23. Qb7 Re8 24. Nc7 Rb8 25. Qc6 Re7 26. Nxa6 1-0

[Event "Championnat de France Pupille"]
[Site "CALVI"]
[Date "????.??.??"]
[Round "7.6"]
[White "Botto, Julien"]
[Black "Viers, Emmanuel"]
[Result "1/2-1/2"]
[WhiteElo "1900"]
[BlackElo "1710"]
[PlyCount "86"]
[EventDate "2005.??.??"]
[SourceDate "2005.04.17"]

1. e4 c5 2. Nc3 Nc6 3. g3 g6 4. Bg2 Bg7 5. Nge2 Nf6 6. O-O O-O 7. f4 d6 8. d3
Bd7 9. h3 Qc8 10. g4 e6 11. Qe1 Re8 12. g5 Nh5 13. Ng3 Nxg3 14. Qxg3 Nd4 15.
Rf2 Bc6 16. h4 Qd7 17. h5 d5 18. h6 Bh8 19. Bh3 Qc7 20. Qh4 b5 21. e5 b4 22.
Nd1 c4 23. Be3 Nb5 24. Bf1 d4 25. Bc1 c3 26. b3 a5 27. a4 Na7 28. Bg2 Nc8 29.
Qh3 Ne7 30. Bxc6 Qxc6 31. Qg2 Qc7 32. Rf1 Nf5 33. Re1 Rad8 34. Nf2 Rd5 35. Ng4
Red8 36. Qf2 Ne7 37. Qf3 Nc6 38. Qe2 Rc5 39. Qe4 Rdd5 40. Qf3 Nb8 41. Qe2 Qe7
42. Qf3 Nd7 43. Qg3 Rc8 1/2-1/2

[Event "Championnat de France Pupille"]
[Site "CALVI"]
[Date "????.??.??"]
[Round "7.7"]
[White "Netzer, Jacques"]
[Black "Duboue, Peio"]
[Result "1-0"]
[WhiteElo "1990"]
[BlackElo "1740"]
[PlyCount "103"]
[EventDate "2005.??.??"]
[SourceDate "2005.04.17"]

1. e4 e5 2. Nf3 Nc6 3. Bb5 a6 4. Ba4 Nf6 5. O-O d6 6. Re1 Be7 7. h3 Bd7 8. c3
O-O 9. d4 b5 10. Bc2 exd4 11. cxd4 Nb4 12. Nbd2 Nxc2 13. Qxc2 Ne8 14. Nf1 c5
15. d5 Nc7 16. Ng3 Kh8 17. Bd2 f5 18. Nxf5 Bxf5 19. exf5 Bf6 20. Ba5 Qd7 21.
Bxc7 Qxc7 22. Re6 Rad8 23. Rae1 Qd7 24. Qd2 Qc7 25. g4 Rd7 26. Ng5 Qd8 27. Nf3
Qc7 28. Re8 Kg8 29. Rxf8+ Kxf8 30. Ng5 Bxg5 31. Qxg5 Re7 32. Qxe7+ Qxe7 33.
Rxe7 Kxe7 34. f4 Kf7 35. Kf2 Ke7 36. Ke3 Kf7 37. h4 Ke7 38. g5 Kf7 39. Kf3 Ke7
40. h5 Kf7 41. Ke4 Ke7 42. f6+ gxf6 43. Kf5 c4 44. Ke4 fxg5 45. fxg5 Kf7 46.
Kd4 Kg7 47. a4 Kf7 48. axb5 axb5 49. Kc3 h6 50. g6+ Ke7 51. Kb4 Ke8 52. Kxb5
1-0

[Event "Championnat de France Pupille"]
[Site "CALVI"]
[Date "????.??.??"]
[Round "7.8"]
[White "Samoun, Florent"]
[Black "Nguyen, Vincent"]
[Result "1-0"]
[WhiteElo "1870"]
[BlackElo "1668"]
[PlyCount "133"]
[EventDate "2005.??.??"]
[SourceDate "2005.04.17"]

1. e4 e6 2. b3 d5 3. Bb2 dxe4 4. Nc3 Nf6 5. Qe2 Bb4 6. O-O-O Qe7 7. g4 Ba3 8.
g5 Bxb2+ 9. Kxb2 Nd5 10. Nxe4 O-O 11. h4 a5 12. Nc3 Nxc3 13. dxc3 a4 14. b4 c5
15. a3 cxb4 16. cxb4 Nc6 17. c3 e5 18. Bh3 Bxh3 19. Rxh3 Qe6 20. Qc2 Rfc8 21.
Re3 b5 22. f4 f5 23. Ne2 e4 24. Ng3 Ne7 25. Ne2 Qc4 26. Rd4 Qc6 27. Qd2 Qe6 28.
Nc1 Rc4 29. Rd6 Qc8 30. h5 Rc6 31. h6 Rxd6 32. Qxd6 Qf8 33. Ne2 Rd8 34. Qe6+
Qf7 35. Qxf7+ Kxf7 36. Nd4 Nd5 37. Re1 Nxf4 38. Kc2 Rd5 39. Rf1 Ne6 40. Nxf5
Rd8 41. Nd4+ Ke7 42. Nc6+ Kd7 43. Nxd8 Kxd8 44. hxg7 Nxg7 45. Re1 Ne6 46. Rxe4
Nxg5 47. Re5 h6 48. Rxb5 Kc7 49. Ra5 Nf3 50. Rxa4 h5 51. b5 h4 52. Rf4 Ne1+ 53.
Kd2 Ng2 54. Rf7+ Kb6 55. c4 Kc5 56. Rh7 Kb6 57. Ke2 Nf4+ 58. Kf3 Ng6 59. Rh6 h3
60. Rxg6+ Kc5 61. Rh6 h2 62. Rxh2 Kb6 63. Rh6+ Kb7 64. c5 Kc7 65. Rh7+ Kc8 66.
c6 Kd8 67. b6 1-0

[Event "Championnat de France Pupille"]
[Site "CALVI"]
[Date "????.??.??"]
[Round "7.9"]
[White "Joudelat, David"]
[Black "Gattullo, Elia"]
[Result "1-0"]
[WhiteElo "1760"]
[BlackElo "1810"]
[PlyCount "108"]
[EventDate "2005.??.??"]
[SourceDate "2005.04.17"]

1. d4 f5 2. Bg5 h6 3. Bh4 g5 4. e4 Nf6 5. e5 gxh4 6. exf6 exf6 7. Qh5+ Ke7 8.
Qxh4 Bg7 9. Bd3 d5 10. Qf4 Re8 11. Bxf5 Kf7+ 12. Ne2 Nc6 13. Bd3 Nb4 14. Qg3
Nxd3+ 15. Qxd3 Bg4 16. f3 Bh5 17. O-O Qd6 18. Nbc3 c6 19. Qd2 Bg6 20. Nf4 Bh7
21. Nce2 Rg8 22. Ng3 f5 23. c3 Bf6 24. Nfh5 Bg5 25. f4 Bh4 26. Rae1 Rae8 $11
27. Rxe8 Rxe8 28. Re1 Qd7 29. Re5 Rxe5 30. fxe5 Bg5 $11 31. Nf4 Ke7 32. Ngh5 b6
33. g3 Bg8 $11 34. h4 Bxf4 35. Qxf4 c5 36. Qxh6 Qa4 37. Qd6+ Kf7 38. Qf6+ Ke8
39. Ng7+ Kd7 40. Qxf5+ Kc7 41. e6 Qd1+ 42. Qf1 Qxf1+ 43. Kxf1 Kd6 44. Kf2 Ke7
45. h5 Kf6 46. h6 Kg6 47. e7 Bf7 48. e8=Q Bxe8 49. Nxe8 Kxh6 50. Nc7 Kg6 51.
Nxd5 Kf5 52. Kf3 c4 53. g4+ Ke6 54. Nc7+ Kd6 1-0

[Event "Championnat de France Pupille"]
[Site "CALVI"]
[Date "????.??.??"]
[Round "7.10"]
[White "Lagarde, Maxime"]
[Black "Ternault, Mathieu"]
[Result "1-0"]
[WhiteElo "1780"]
[BlackElo "1740"]
[PlyCount "83"]
[EventDate "2005.??.??"]
[SourceDate "2005.04.17"]

1. e4 e5 2. Bc4 Nf6 3. d4 exd4 4. Nf3 d5 5. exd5 c6 6. dxc6 Nxc6 7. O-O Be7 8.
h3 O-O 9. Bf4 h6 10. c3 dxc3 11. Nxc3 Bf5 12. a3 Rc8 13. Ba2 a6 14. Rc1 Na5 15.
Ne2 b5 16. Qxd8 Bxd8 17. Rxc8 Bxc8 18. Rc1 Bb7 19. Bd6 Bxf3 20. Bxf8 Bxe2 21.
Rc8 Kxf8 22. Rxd8+ Ke7 23. Ra8 Nc4 24. Rxa6 Nxb2 25. Ra7+ Nd7 26. Bxf7 Nc4 27.
Bd5 Kd6 28. Bg8 Ncb6 29. Bh7 Bc4 30. Bf5 Be6 31. Bxe6 Kxe6 32. g4 Kd5 33. f4
Ke4 34. f5 Kf4 35. Ra5 Nc4 36. Rxb5 Nxa3 37. Rb7 Ne5 38. Rxg7 h5 39. gxh5 Kxf5
40. h6 Ng6 41. h7 Nc4 42. Rxg6 1-0

[Event "Championnat de France Pupillette"]
[Site "CALVI"]
[Date "????.??.??"]
[Round "7.1"]
[White "Mallet, Berenice"]
[Black "Kohi, Camilla"]
[Result "1/2-1/2"]
[WhiteElo "1550"]
[BlackElo "1881"]
[PlyCount "74"]
[EventDate "2005.??.??"]
[SourceDate "2005.04.17"]

1. e4 e6 2. d4 d5 3. Nc3 Bb4 4. exd5 exd5 5. Bd3 Nf6 6. Qf3 O-O 7. Bg5 Qe8+ 8.
Nge2 Ne4 9. Bxe4 dxe4 10. Qg3 f6 11. Bf4 Nc6 12. O-O-O Qd7 13. Nxe4 Ba5 14. Nc5
Qf7 15. d5 Nb4 16. Qb3 Qh5 17. c3 Nd3+ 18. Nxd3 Qxe2 19. Rhe1 Qg4 20. Bg3 Qg5+
21. Kb1 Bf5 22. Re3 Kh8 23. Ka1 Bb6 24. f4 Qh5 25. Ree1 Rfe8 26. Qb5 a6 27. Qa4
Bxd3 28. Rxe8+ Rxe8 29. Rxd3 Qe2 30. Rd1 c6 31. a3 Qxg2 32. d6 Qh3 33. Qb3 Bd8
34. Qxb7 Qg4 35. Rf1 Qh3 36. Rd1 Qg4 37. Rf1 Qh3 1/2-1/2

[Event "Championnat de France Pupillette"]
[Site "CALVI"]
[Date "????.??.??"]
[Round "7.2"]
[White "Lefevre, Margaux"]
[Black "Neuhauser, Salome"]
[Result "1-0"]
[WhiteElo "1780"]
[BlackElo "1660"]
[PlyCount "93"]
[EventDate "2005.??.??"]
[SourceDate "2005.04.17"]

1. e4 c5 2. Nf3 d6 3. d4 cxd4 4. Nxd4 Nf6 5. Nc3 g6 6. Be3 Bg7 7. f3 O-O 8. Qd2
Nc6 9. Bc4 Bd7 10. O-O-O Qa5 11. Bb3 Rfc8 12. Nd5 Qxd2+ 13. Rxd2 Kf8 14. h4 h5
15. Kb1 a5 16. Nb6 a4 17. Nxa8 Rxa8 18. Bc4 Ne5 19. Bd3 Rc8 20. Ne2 Nc4 21.
Bxc4 Rxc4 22. Rhd1 Ne8 23. Bd4 Bh6 24. Rd3 Bb5 25. Rc3 Rb4 26. Ng1 Ba6 27. a3
Rb5 28. g4 Bf4 29. Ne2 Bh2 30. Re3 hxg4 31. fxg4 e5 32. Bc3 Rb6 33. Ng3 Nf6 34.
Bb4 Ke7 35. g5 Ng4 36. Rc3 Kd7 37. Rd2 Bg1 38. Bc5 Bxc5 39. Rxc5 Ne3 40. Rc3
Nc4 41. Rf2 Ke7 42. Kc1 Nxb2 43. Rc7+ Ke8 44. Rfxf7 Bc4 45. Rh7 Kd8 46. Rxb7
Rxb7 47. Rxb7 1-0

[Event "Championnat de France Pupillette"]
[Site "CALVI"]
[Date "????.??.??"]
[Round "7.3"]
[White "Mencacci, Tiphanie"]
[Black "Le Bail, Arielle"]
[Result "0-1"]
[WhiteElo "1610"]
[BlackElo "1650"]
[PlyCount "42"]
[EventDate "2005.??.??"]
[SourceDate "2005.04.17"]

1. e4 Nc6 2. d4 d5 3. exd5 Qxd5 4. Nf3 Bg4 5. Be2 O-O-O 6. Nc3 Qa5 7. Be3 Nf6
8. O-O e5 9. Nxe5 Nxe5 10. Bxg4+ Nexg4 11. Bf4 Bd6 12. Bxd6 Rxd6 13. Ne4 Rd5
14. c4 Rdd8 15. h3 Ne5 16. Nxf6 gxf6 17. b3 Qc3 18. d5 Rhg8 19. Qh5 Qd3 20. f4
Qg3 21. Rf2 Nd3 0-1

[Event "Championnat de France Pupillette"]
[Site "CALVI"]
[Date "????.??.??"]
[Round "7.4"]
[White "Uhl, Sarah"]
[Black "Monasri, Sara"]
[Result "0-1"]
[WhiteElo "1360"]
[BlackElo "1520"]
[PlyCount "94"]
[EventDate "2005.??.??"]
[SourceDate "2005.04.17"]

1. c4 e5 2. g3 Nc6 3. Bg2 d6 4. e3 Be6 5. d3 Qd7 6. Ne2 Bh3 7. O-O h5 8. d4
O-O-O 9. dxe5 Bxg2 10. Kxg2 Nxe5 11. b3 Qc6+ 12. Qd5 Qxd5+ 13. cxd5 Be7 14. Bb2
f6 15. Rd1 h4 16. Rh1 hxg3 17. hxg3 Rxh1 18. Kxh1 Nh6 19. Nf4 Rh8 20. Kg2 Nhg4
21. Nh3 Nd3 22. Bc3 Ndxf2 23. Nxf2 Rh2+ 24. Kf3 Nxf2 25. Na3 Nd3 26. Ke4 Nc5+
27. Kf5 Rg2 28. Kf4 Rf2+ 29. Kg4 g5 30. Rh1 f5+ 31. Kh5 Ne4 32. Be1 Nxg3+ 33.
Kg6 Nxh1 34. Bxf2 Nxf2 35. Kxf5 g4 36. Kf4 Nd3+ 37. Kxg4 Nb4 38. Nb5 Nxd5 39.
Nxa7+ Kb8 40. Nb5 c6 41. Nc3 Nxc3 42. Kf5 d5 43. a4 Nb1 44. Ke5 Nd2 45. Kd4
Nxb3+ 46. Kc3 Nc5 47. a5 Ka7 0-1

[Event "Championnat de France Pupillette"]
[Site "CALVI"]
[Date "????.??.??"]
[Round "7.5"]
[White "Soubirou, Oriane"]
[Black "Khan, Mai-Ly"]
[Result "0-1"]
[WhiteElo "1330"]
[BlackElo "1610"]
[PlyCount "102"]
[EventDate "2005.??.??"]
[SourceDate "2005.04.17"]

1. e4 e5 2. Nf3 Nc6 3. Nc3 Nf6 4. Bc4 Nxe4 5. Bxf7+ Kxf7 6. Nxe4 d5 7. Neg5+
Kg8 8. d4 Bd6 9. Be3 h6 10. dxe5 Bxe5 11. Nxe5 Nxe5 12. Nf3 Bg4 13. Qe2 Qf8 14.
Qf1 Nxf3+ 15. gxf3 Bxf3 16. Rg1 Qb4+ 17. c3 Qxb2 18. Rc1 Re8 19. Rd1 Bxd1 20.
Kxd1 Qxa2 21. Bd4 Qb1+ 22. Kd2 Qxf1 23. Rxf1 a5 24. Rg1 Rh7 25. Kd3 Kf7 26. c4
dxc4+ 27. Kxc4 g5 28. Rf1 Re6 29. f4 g4 30. f5 Rc6+ 31. Kb5 a4 32. Ra1 Ra6 33.
Bc3 h5 34. Ba5 c6+ 35. Kxa4 b6 36. Kb4 Rxa5 37. Rxa5 bxa5+ 38. Kxa5 Kf6 39. Kb6
Kxf5 40. Kxc6 Re7 41. Kd5 h4 42. Kd6 Re1 43. Kd5 g3 44. hxg3 hxg3 45. Kd4 g2
46. Kd3 g1=Q 47. Kd2 Re8 48. Kd3 Qd1+ 49. Kc4 Rc8+ 50. Kb5 Qb1+ 51. Ka6 Ra8#
0-1

[Event "Championnat de France Pupillette"]
[Site "CALVI"]
[Date "????.??.??"]
[Round "7.6"]
[White "Bellotti, Charlotte"]
[Black "Daadaa, Soha"]
[Result "1-0"]
[WhiteElo "1580"]
[BlackElo "1490"]
[PlyCount "79"]
[EventDate "2005.??.??"]
[SourceDate "2005.04.17"]

1. e4 e6 2. d4 d5 3. Nc3 Nf6 4. e5 Ne4 5. Nxe4 dxe4 6. Be3 c5 7. dxc5 Nd7 8. b4
Nxe5 9. Qxd8+ Kxd8 10. Rd1+ Ke8 11. Bb5+ Bd7 12. Bxd7+ Nxd7 13. Ne2 f5 14. O-O
Nf6 15. Nf4 Kf7 16. Bd4 Nd5 17. Nxd5 exd5 18. f3 Kg6 19. fxe4 dxe4 20. g4 fxg4
21. Rf4 Re8 22. Rxg4+ Kf5 23. Rg3 Rg8 24. Re1 g6 25. Rge3 Bg7 26. Rf1+ Ke6 27.
Bxg7 Rxg7 28. Rxe4+ Kd7 29. Rd1+ Kc6 30. Rxe8 Kb5 31. a3 Ka4 32. Re3 Rf7 33.
Rd6 Kb5 34. Rde6 Ka4 35. c3 Kxa3 36. Re7 Rxe7 37. Rxe7 Kb3 38. Rxb7 Kxc3 39.
Rxa7 Kxb4 40. c6 1-0

[Event "Championnat de France Pupillette"]
[Site "CALVI"]
[Date "????.??.??"]
[Round "7.7"]
[White "Bertin, Cecile"]
[Black "Lenoel, Marine"]
[Result "0-1"]
[WhiteElo "1180"]
[BlackElo "1580"]
[PlyCount "74"]
[EventDate "2005.??.??"]
[SourceDate "2005.04.17"]

1. e4 e5 2. Nf3 Nc6 3. Nc3 Nf6 4. d4 exd4 5. Nxd4 Bc5 6. Be3 Qe7 7. Nf5 Qf8 8.
Bxc5 Qxc5 9. Nxg7+ Kf8 10. Nf5 Nxe4 11. Nxe4 Qxf5 12. Bd3 Qe5 13. O-O Qxb2 14.
Re1 Rg8 15. Qd2 Qg7 16. g3 d6 17. h4 Ne5 18. f4 Nf3+ 19. Kf2 Nxd2 20. Ng5 Rh8
21. Re2 Qxa1 22. Bb5 c6 23. Bd3 h6 24. Nh7+ Kg7 25. Rxd2 Rxh7 26. Bxh7 Kxh7 27.
Rxd6 Qxa2 28. g4 Qxc2+ 29. Ke3 Qc5+ 30. Rd4 Bxg4 31. Ke4 Re8+ 32. Kd3 Be2+ 33.
Kd2 Qxd4+ 34. Kc2 Re3 35. Kc1 Rc3+ 36. Kb2 Qb4+ 37. Ka2 Ra3# 0-1

[Event "Championnat de France Pupillette"]
[Site "CALVI"]
[Date "????.??.??"]
[Round "7.8"]
[White "Saucey, Capucine"]
[Black "Wehr, Margaux"]
[Result "0-1"]
[WhiteElo "1560"]
[BlackElo "1390"]
[PlyCount "90"]
[EventDate "2005.??.??"]
[SourceDate "2005.04.17"]

1. e4 c5 2. Nf3 a6 3. d4 cxd4 4. Nxd4 Nf6 5. Nc3 e5 6. Nb3 Bb4 7. Bd2 Nc6 8.
Bd3 d5 9. exd5 Nxd5 10. O-O Nxc3 11. bxc3 Bd6 12. Re1 O-O 13. c4 f5 14. c5 Bc7
15. Qc1 Qf6 16. f4 e4 17. Bc4+ Kh8 18. Rb1 b6 19. Be3 Rb8 20. Bd5 Nb4 21. Bc4
b5 22. Be2 Nxa2 23. Qa3 Nc3 24. Rbc1 Nxe2+ 25. Rxe2 Rd8 26. c3 Be6 27. Nd4 Bc4
28. Rd2 Rf8 29. Ne2 Bxe2 30. Rxe2 Qh6 31. g3 Rfd8 32. Rd2 Rxd2 33. Bxd2 Rd8 34.
Be3 Qg6 35. Kf2 Qg4 36. Kg1 Rd1+ 37. Rxd1 Qxd1+ 38. Kf2 Qf3+ 39. Kg1 Qxe3+ 40.
Kg2 h6 41. c6 Qe2+ 42. Kh3 Qf1+ 43. Kh4 Bd8+ 44. Kh5 Kh7 45. Qd6 Qh3# 0-1

[Event "Championnat de France Pupillette"]
[Site "CALVI"]
[Date "????.??.??"]
[Round "7.9"]
[White "Armas, Lena"]
[Black "De Seroux, Camille"]
[Result "1-0"]
[WhiteElo "1500"]
[BlackElo "1099"]
[PlyCount "103"]
[EventDate "2005.??.??"]
[SourceDate "2005.04.17"]

1. e4 c5 2. Nf3 d6 3. Bc4 e6 4. d3 Nf6 5. O-O Be7 6. Nc3 O-O 7. h3 Nc6 8. a3 a6
9. Be3 d5 10. exd5 exd5 11. Nxd5 Nxd5 12. Bd2 Bf6 13. Rb1 Be6 14. Re1 Nc7 15.
Bxe6 Nxe6 16. b4 cxb4 17. axb4 b6 18. b5 Ncd4 19. bxa6 Rxa6 20. c3 Nxf3+ 21.
Qxf3 Ra2 22. Red1 Qc7 23. d4 Re8 24. Qd5 Raa8 25. Qb3 Rab8 26. d5 Nc5 27. Qc4
h6 28. Be3 Rbc8 29. d6 Qd7 30. Qd5 Ne4 31. Rxb6 Nxc3 32. Rb7 Nxd5 33. Rxd7 Nxe3
34. fxe3 Rcd8 35. Rb7 Rxe3 36. d7 Re7 37. Kf2 Re4 38. Rc7 Kh7 39. Rc8 $11 Ra4
40. Rd6 Ra8 41. Rxa8 Rxa8 42. Kf3 Ra3+ 43. Ke4 Ra2 44. Rxf6 Rd2 45. Rxf7 Kg8
46. Re7 Re2+ 47. Kf5 g6+ 48. Kxg6 Rxg2+ 49. Kxh6 Rd2 50. Re8+ Kf7 51. d8=Q Rxd8
52. Rxd8 {mat au 77eme} 1-0

[Event "Championnat de France Pupillette"]
[Site "CALVI"]
[Date "????.??.??"]
[Round "7.10"]
[White "Benac, Anais"]
[Black "Copin, Oceane"]
[Result "1-0"]
[WhiteElo "1430"]
[BlackElo "1490"]
[PlyCount "137"]
[EventDate "2005.??.??"]
[SourceDate "2005.04.17"]

1. e4 e5 2. Nf3 Nc6 3. Bc4 Bc5 4. Nc3 Nf6 5. d3 d6 6. Bg5 h6 7. Bh4 g5 8. Nxg5
hxg5 9. Bxg5 Be6 10. Nd5 Bxf2+ 11. Kxf2 Ng4+ 12. Qxg4 Bxg4 13. Bxd8 Kxd8 14.
Ne3 Bh5 15. c3 Kd7 16. Nf5 Raf8 17. d4 Na5 18. Be2 Bg6 19. dxe5 dxe5 20. Rad1+
Ke6 21. Bg4 Rfg8 22. Nh6+ Ke7 23. Nxg8+ Rxg8 24. Rd7+ Kf6 25. Bf5 Bxf5 26. exf5
Kxf5 27. Rxf7+ Ke4 28. Re1+ Kd5 29. Rxc7 Rf8+ 30. Kg1 a6 31. Re7 Nc6 32. Rxb7
a5 33. Rd7+ Ke6 34. Rd2 Rf5 35. g4 Rg5 36. h3 a4 37. Red1 Na5 38. Rd6+ Kf7 39.
Rf1+ Ke7 40. Ra6 e4 41. Rf5 Rxf5 42. gxf5 Nc4 43. Rxa4 Nd2 44. Kf2 Kf6 45. Ke3
Nf1+ 46. Kxe4 Ng3+ 47. Kf4 Nh5+ 48. Kg4 Ng7 49. Re4 Kf7 50. a4 Ne8 51. Rxe8
Kxe8 52. a5 Kd7 53. a6 Kc7 54. a7 Kb7 55. f6 Kxa7 56. f7 Kb6 57. f8=Q Kb5 58.
Qb4+ Kc6 59. Kf5 Kd5 60. Qd4+ Kc6 61. Ke6 Kc7 62. Ke7 Kc6 63. Qd6+ Kb5 64. Qc7
Ka6 65. Qb8 Ka5 66. Qb4+ Ka6 67. Kd7 Ka7 68. Kc6 Ka8 69. Qb7# 1-0

[Event "Championnat de France Pupille"]
[Site "CALVI"]
[Date "2005.04.23"]
[Round "8.1"]
[White "Dionisi, Thomas"]
[Black "Saatdjian, Stephane"]
[Result "1-0"]
[WhiteElo "1990"]
[BlackElo "1931"]
[PlyCount "37"]
[EventDate "2005.??.??"]
[SourceDate "2005.04.17"]

1. e4 c5 2. Nf3 e6 3. c3 Nf6 4. e5 Nd5 5. d4 cxd4 6. cxd4 d6 7. Bd3 Nc6 8. O-O
dxe5 9. dxe5 Be7 10. a3 O-O 11. Qe2 Qc7 12. Qe4 f5 13. exf6 Nxf6 14. Qc4 b5 15.
Qxb5 Bb7 16. Nc3 Rad8 17. Qc4 Kh8 18. Bf4 Bd6 $4 {#} 19. Nb5 1-0

[Event "Championnat de France Pupille"]
[Site "CALVI"]
[Date "2005.04.23"]
[Round "8.2"]
[White "Fevre, Mathieu"]
[Black "Sochacki, Christophe"]
[Result "0-1"]
[WhiteElo "1951"]
[BlackElo "1960"]
[PlyCount "168"]
[EventDate "2005.??.??"]
[SourceDate "2005.04.17"]

1. Nf3 d5 2. b3 c5 3. Bb2 Nc6 4. e3 Bg4 5. Bb5 Nf6 6. Bxc6+ bxc6 7. d3 e6 8. h3
Bh5 9. Nbd2 Bd6 10. g4 Bg6 11. Ne5 Qc7 12. f4 O-O-O 13. Qe2 Ne8 14. O-O-O f6
15. Nef3 e5 16. f5 Bf7 17. e4 Qa5 18. Kb1 Nc7 19. a4 Be7 20. h4 d4 21. Nc4 Bxc4
22. dxc4 Ne8 23. Ne1 Nc7 24. Bc1 Kd7 25. Nd3 Rb8 26. Bb2 Ne8 27. Rdg1 Nd6 28.
g5 Nxc4 29. bxc4 Qxa4 30. gxf6 gxf6 31. Kc1 Kd6 32. Rg7 Qxc4 33. Qh5 Rhg8 34.
Qf7 Qxf7 35. Rxf7 Rb5 36. Rxh7 Bf8 37. Rxa7 Bh6+ 38. Kd1 c4 39. Ba3+ c5 40. Nc1
Rg2 41. Ra6+ Ke7 42. Rc6 Rd2+ 43. Ke1 Rxc2 44. Rxc5 Rxc5 45. Bxc5+ Kd7 46. Ba3
d3 47. Kd1 Rd2+ 48. Ke1 Rg2 49. Kd1 Kc6 50. Nxd3 Rd2+ 51. Ke1 cxd3 52. Bc1 Re2+
53. Kd1 d2 54. Ba3 Rxe4 55. Be7 Rf4 56. Bxf6 Rxf5 57. Bg5 Bxg5 58. hxg5 Rxg5
59. Kxd2 Kd5 60. Rh4 Rg2+ 61. Ke3 Rg3+ 62. Kd2 e4 63. Ke2 Kd4 64. Rh8 Rg2+ 65.
Ke1 Kd3 66. Kf1 Rd2 67. Ke1 Rb2 68. Re8 Ke3 69. Kd1 Rd2+ 70. Ke1 Ra2 71. Kf1
Ra1+ 72. Kg2 Rd1 73. Re7 Rd4 74. Kf1 Rd1+ 75. Kg2 Re1 76. Re8 Kd2 77. Rd8+ Ke2
78. Re8 e3 79. Re7 Rd1 80. Re8 Rd3 81. Re7 Ke1 82. Re8 e2 83. Re7 Kd1 84. Kf2
Rd2 0-1